| Tag |
First Indicator |
Second Indicator |
Subfields |
| LEADER |
00000cam a2200000 4500 |
| 001 |
in00000029569 |
| 005 |
20151007061550.0 |
| 008 |
790112s1943 uy 00001 spa |
| 010 |
|
|
|a 45012422
|
| 035 |
|
|
|a (OCoLC)04545157
|
| 035 |
|
|
|9 AAD2444AM
|
| 040 |
|
|
|a DLC
|c LDL
|d TXA
|d UtOrBLW
|
| 049 |
|
|
|a TXAS
|c [1700883]
|
| 050 |
0 |
0 |
|a PQ8519.G34
|b P5
|
| 082 |
0 |
|
|a 863.6
|
| 100 |
1 |
|
|a Garcia Saiz, Valentin,
|d 1894-
|
| 245 |
1 |
0 |
|a Pilchas, cuentos de campo y ciudad /
|c caratula de Poggi.
|
| 264 |
|
1 |
|a Montevideo :
|b Editorial Independencia,
|c [1943]
|
| 300 |
|
|
|a 129 pages ;
|c 20 cm.
|
| 336 |
|
|
|a text
|b txt
|2 rdacontent
|
| 337 |
|
|
|a unmediated
|b n
|2 rdamedia
|
| 338 |
|
|
|a volume
|b nc
|2 rdacarrier
|
| 490 |
1 |
|
|a [Coleccion Autores uruguayos]
|
| 500 |
|
|
|a "Tacuari, cuentos de campo y ciudad" : pages [73]-129.
|
| 740 |
0 |
|
|a Tacuari.
|
| 830 |
|
0 |
|a Coleccion Autores uruguayos.
|
| 999 |
|
|
|a MARS
|
| 999 |
f |
f |
|s d89523e9-9774-3a76-aca0-c6c1a1e1ef10
|i e23a26b6-1612-3c8b-84e8-45583d7b5697
|t 0
|
| 952 |
f |
f |
|p noncirc
|a Texas A&M University
|b College Station
|c Cushing Memorial Library & Archives
|d Cushing: Dykes (Does not check out)
|t 0
|e PQ8519.G34 P5
|h Library of Congress classification
|i unmediated -- volume
|m A14851719048
|
| 998 |
f |
f |
|a PQ8519.G34 P5
|t 0
|l Cushing: Dykes (Does not check out)
|